[Event "Hamburg-chB"]
[Site "Hamburg"]
[Date "2010.05.28"]
[Round "7.7"]
[White "Ziege, Andreas"]
[Black "Kock, Rudolf"]
[Result "1-0"]
[WhiteElo "1108"]
[BlackElo "1401"]
[PlyCount "107"]
[EventDate "2010.05.22"]
[EventType "swiss"]
[EventRounds "9"]
[EventCountry "GER"]
[SourceTitle "EXT 2011"]
[Source "ChessBase"]
[SourceDate "2010.11.26"]
[SourceVersion "1"]
[SourceVersionDate "2010.11.26"]
[SourceQuality "1"]

1. e4 c5 2. Nf3 e6 3. Bc4 a6 4. 0-0 b5 5. Be2 Qc7 6. d4 Bb7 7. e5 Ne7 8. Bg5 Nd5 9. Nc3 h6 10. Nxd5 Bxd5 11. Be3 c4 12. Re1 Bb4 13. c3 Be7 14. Qc2 Qb7 15. Rab1 Be4 16. Qd2 Bxb1 17. Rxb1 Qe4 18. Rd1 Qd5 19. Nh4 Bxh4 20. Bf3 Nc6 21. Bxd5 exd5 22. g3 Bd8 23. f4 Ne7 24. Qc2 g6 25. a4 Nf5 26. Re1 h5 27. h4 Nxg3 28. Kh2 Nf5 29. b3 Nxh4 30. Kh3 Nf5 31. bxc4 bxc4 32. Qb2 0-0 33. Qb7 Be7 34. Qxd5 Rab8 35. Qxd7 Rb2 36. Bg1 Rc2 37. e6 Rxc3+ 38. Kh2 Bb4 39. exf7+ Kg7 40. Re8 Rc2+ 41. Kh3 Rxf7 42. Qd8 Ne7 43. d5 Rd2 44. Rh8 Rd3+ 45. Kh2 Kf6 46. Qb6+ Kg7 47. Bd4+ Rxd4 48. Qxd4+ Rf6 49. Rb8 Bd6 50. Rf8 Kxf8 51. Qxf6+ Kg8 52. Qxd6 Kf7 53. Qxa6 Nxd5 54. Qxc4 1-0

[Event "Hamburg Robinow op"]
[Site "Hamburg"]
[Date "2005.10.04"]
[Round "4"]
[White "Hofmeier, Arthur"]
[Black "Ziege, Andreas"]
[Result "1-0"]
[WhiteElo "1417"]
[BlackElo "1135"]
[PlyCount "55"]
[EventDate "2005.10.01"]
[EventType "swiss"]
[EventRounds "9"]
[EventCountry "GER"]
[SourceTitle "CBM 108 Extra"]
[Source "ChessBase"]
[SourceDate "2005.11.04"]
[SourceVersion "1"]
[SourceVersionDate "2005.11.04"]
[SourceQuality "1"]

1. e4 e5 2. Nf3 Nc6 3. Bc4 h6 4. 0-0 Nf6 5. Nc3 Bb4 6. d3 Bxc3 7. bxc3 d6 8. a4 Bg4 9. Re1 0-0 10. Qe2 Re8 11. Qe3 Bxf3 12. Qxf3 Qd7 13. h3 Na5 14. Ba2 c5 15. Bb3 Rac8 16. c4 Nc6 17. Qg3 Nh5 18. Qf3 Nf6 19. c3 a5 20. Bxh6 Nh7 21. Qg3 g6 22. Bd1 Nf6 23. Bg5 Nh5 24. Bxh5 Kg7 25. Bg4 Qc7 26. Bxc8 Qxc8 27. Qh4 Rh8 28. Bf6+ 1-0